Memorias de la familia Fliedner (Record no. 53555)

MARC details
000 -LEADER
campo de control de longitud fija 01022nam a2200253 i 4500
001 - NÚMERO DE CONTROL
campo de control 53555
003 - IDENTIFICADOR DE NÚMERO DE CONTROL
campo de control ES-MaACL
005 - FECHA Y HORA DE LA ÚLTIMA TRANSACCIÓN
campo de control 20230906162804.0
007 - CAMPO FIJO DE DESCRIPCIÓN FÍSICA--INFORMACIÓN GENERAL
campo de control de longitud fija t|
008 - DATOS DE LONGITUD FIJA--INFORMACIÓN GENERAL
campo de control de longitud fija 031103s1997 sp ||||0| spa j
020 ## - NÚMERO INTERNACIONAL ESTÁNDAR DEL LIBRO
Número Internacional Estándar del Libro 84-921503-7-8
040 ## - FUENTE DE CATALOGACIÓN
Centro catalogador/agencia de origen M-BN
Lengua de catalogación spa
Centro/agencia transcriptor M-BN
080 ## - NÚMERO DE LA CLASIFICACIÓN DECIMAL UNIVERSAL
Número de la Clasificación Decimal Universal 929.52 Fliedner
080 ## - NÚMERO DE LA CLASIFICACIÓN DECIMAL UNIVERSAL
Número de la Clasificación Decimal Universal 284(460)(091)
245 00 - MENCIÓN DEL TÍTULO
Título Memorias de la familia Fliedner
Resto del título : más de 100 años al servicio del protestantismo en España /
Mención de responsabilidad, etc. investigación, selección, prólogo, introducción y notas, Ana Rodríguez Domingo ; con la colaboración de Fundación Federico Fliedner, Consejo Evangélico de Madrid.
260 ## - PUBLICACIÓN, DISTRIBUCIÓN, ETC.
Lugar de publicación, distribución, etc. Rubí (Barcelona) :
Nombre del editor, distribuidor, etc. Gayata,
Fecha de publicación, distribución, etc. [1997]
300 ## - DESCRIPCIÓN FÍSICA
Extensión 667 p :
Otras características físicas il ;
Dimensiones 22 cm +
Material acompañante/anejo 1 árbol genealógico.
600 14 - PUNTO DE ACCESO ADICIONAL DE MATERIA--NOMBRE DE PERSONA
Nombre de persona Fliedner (Familia)
9 (RLIN) 51214
650 14 - PUNTO DE ACCESO ADICIONAL DE MATERIA--TÉRMINO DE MATERIA
Término de materia o nombre geográfico como elemento de entrada Evangelismo-
Subdivisión geográfica España-
Subdivisión de forma Historia.
9 (RLIN) 12616
700 1# - ENTRADA AGREGADA--NOMBRE PERSONAL
Nombre de persona Rodríguez Domingo, Ana.
9 (RLIN) 98497
710 2# - ENTRADA AGREGADA--NOMBRE DE ENTIDAD CORPORATIVA
Nombre de entidad corporativa o nombre de jurisdicción como elemento de entrada Fundación Federico Fliedner.
9 (RLIN) 4296
710 2# - ENTRADA AGREGADA--NOMBRE DE ENTIDAD CORPORATIVA
Nombre de entidad corporativa o nombre de jurisdicción como elemento de entrada Consejo Evangélico de Madrid.
9 (RLIN) 3211
852 ## - LOCALIZACIÓN
Ubicación ES-MaACL
Número de control de estantería L-26583
Sublocalización o colección R.132018
Holdings
Estatus retirado Estado de pérdida Estado de daño No para préstamo Biblioteca de origen Biblioteca actual Ubicación en estantería Fecha de adquisición Fuente de adquisición Total de préstamos Signatura topográfica completa Código de barras Visto por última vez Precio de reemplazo Tipo de ítem Koha
        Biblioteca del Ateneo de Madrid Biblioteca del Ateneo de Madrid Depósito 2 17/01/2008     L-26583 1056276 23/02/2023 23/02/2023 Libro impreso